LEADER 01185nam2-2200385---450- 001 990003209250203316 005 20090323164733.0 010 $a978-88-8319-752-6 035 $a000320925 035 $aUSA01000320925 035 $a(ALEPH)000320925USA01 035 $a000320925 100 $a20090323h2002----km-y0itay50------ba 101 $aita 102 $aIT 105 $a||||||||001yy 200 1 $a<> Veneto di Shakespeare$fSergio Perosa 210 $aRoma$cBulzoni$dcopyr. 2002 215 $a98 p.$d17 cm 225 2 $aPiccola Biblioteca Shakespeariana$v28 410 0$1001000316821$aPiccola Biblioteca Shakespeariana 454 1$12001 606 1$aShakespeare,$bWilliam$yVeneto [nella] letteratura inglese$zSec. 16.-17.$2BNCF 676 $a822.33 700 1$aPEROSA,$bSergio$0163297 801 0$aIT$bsalbc$gISBD 912 $a990003209250203316 951 $aVII.3. Coll. 6/ 19$b224 L.G.$cVII.3.$d00203878 959 $aBK 969 $aUMA 979 $aSENATORE$b90$c20090323$lUSA01$h1638 979 $aSENATORE$b90$c20090323$lUSA01$h1643 979 $aSENATORE$b90$c20090323$lUSA01$h1647 996 $aVeneto di Shakespeare$91011948 997 $aUNISA LEADER 02335oam 2200613I 450 001 9910452715703321 005 20200520144314.0 010 $a1-282-72640-4 010 $a1-84977-503-6 010 $a9786612726408 010 $a1-136-54188-8 024 7 $a10.4324/9781849775038 035 $a(CKB)2550000000111054 035 $a(SSID)ssj0000411837 035 $a(PQKBManifestationID)11250324 035 $a(PQKBTitleCode)TC0000411837 035 $a(PQKBWorkID)10357192 035 $a(PQKB)10365988 035 $a(OCoLC)659283650 035 $a(MiAaPQ)EBC554810 035 $a(Au-PeEL)EBL554810 035 $a(CaPaEBR)ebr10408529 035 $a(CaONFJC)MIL272640 035 $a(EXLCZ)992550000000111054 100 $a20180706d2010 uy 0 101 0 $aeng 135 $aurcn||||||||| 181 $ctxt 182 $cc 183 $acr 200 10$aAnimal breeding, welfare and society /$fJacky Turner 210 1$aLondon ;$aWashington, D.C. :$cEarthscan,$d2010. 215 $axi, 324 p. $cill 300 $aBibliographic Level Mode of Issuance: Monograph 311 $a1-84407-588-5 311 $a1-84407-589-3 320 $aIncludes bibliographical references and index. 327 $a1. The industrialization of animal genetics -- 2. Breeding for productivity -- 3. Productivity and animal health -- 4. Productivity and welfare : animal behaviour -- 5. Companion animal breeding : ideal standards -- 6. Companion animal breeding : welfare, professionals and owners -- 7. Sports animals : breeding gladiators -- 8. Surpluses and rejects -- 9. Traditional, rare and fancy breeds -- 10. Pedigrees and purity -- 11. Population control : pests, aliens and endangered species -- 12. Laboratory animal breeding : designed for science -- 13. Eugenics, commerce and control in human and animal reproduction. 606 $aAnimal breeding 606 $aAnimal industry 606 $aAnimal welfare 608 $aElectronic books. 615 0$aAnimal breeding. 615 0$aAnimal industry. 615 0$aAnimal welfare. 676 $a636.082 700 $aTurner$b Jacky.$01000202 801 0$bMiAaPQ 801 1$bMiAaPQ 801 2$bMiAaPQ 906 $aBOOK 912 $a9910452715703321 996 $aAnimal breeding, welfare and society$92295805 997 $aUNINA